LEADER 05108 am 22007213u 450 001 9910141634103321 005 20230621135351.0 035 $a(CKB)2670000000344233 035 $a(SSID)ssj0000986169 035 $a(PQKBManifestationID)11540795 035 $a(PQKBTitleCode)TC0000986169 035 $a(PQKBWorkID)10933441 035 $a(PQKB)10822834 035 $a(OCoLC)848279927 035 $a(WaSeSS)Ind00074885 035 $a(oapen)https://directory.doabooks.org/handle/20.500.12854/26078 035 $a(EXLCZ)992670000000344233 100 $a20160829h20122012 uy 0 101 0 $ager 135 $aurmn#nnn||||| 181 $ctxt$2rdacontent 182 $cc$2rdamedia 183 $acr$2rdacarrier 200 10$aVor den Gemälden $eEduard Bendemann zeichnet : Bestandskatalog der Zeichnungen und skizzenbücher eines Hauptvertreters der düsseldorfer Malerschule in der Göttinger Universitätskunstsammlung /$fChristian Scholl und Anne-Katrin Sors (Hg.) ; mit Aufsa?tzen von Michael Thimann, Iris Wenderholm und Christian Scholl ; sowie Beitra?gen von Claudia Amthor and 16 others 210 $cUniversitätsverlag Göttingen$d2012 210 1$aGöttingen :$cUniversitätsverlag Göttingen,$d2012. 210 4$d©2012 215 $a1 online resource (355 pages) $cillustrations (some colour) 225 0 $aOpen Access e-Books 225 0 $aKnowledge Unlatched 300 $aCatalogue of the exhibition at Go?ttinger Universita?tskunstsammlung, Go?ttingen, October 28, 2012 - March 10, 2013. 311 08$a3863950836 320 $aIncludes bibliographical references and indexes. 327 $aEduard Bendemann : Biographie -- Farbtafeln -- Aufsa?tze -- Bendemanns Lehrer zeichnet : Wilhelm Schadows Vorstudie zum Gema?lde Caritas / Christian Scholl -- Verbrechen und Gnade : der Tod Abels von Eduard Bendemann : ein Gerechtigkeitsbild des 19. Jahrhunderts / Michael Thimann und Iris Wenderholm -- Spa?ter Orientalismus : Eduard Bendemanns Gema?lde Wegfu?hrung der Juden in die babylonische Gefangenschaft / Christian Scholl -- Katalog der Zeichnungen Eduard Bendemanns in der Go?ttinger Universita?ts-kunstsammlung -- 1. Portra?ts -- 2. "Christliche Kunst" -- 3. Jeremias auf den Tru?mmern Jerusalems (1834-35) -- 4. Die Ausmalung des Ball- und Konzertsaals im Dresdner Schloss (1847-54) -- 5. Odysseus und Penelope (1860) -- 6. Der Tod Abels (1860-64) -- 7. Die Wegfu?hrung der Juden in die babylonische Gefangenschaft (1865-72) -- 8. Die Ausmalung des ersten Cornelius-Saals in der Berliner Nationalgalerie (1874-76) -- 9. Das Opfer der Iphigenie (1882-87) -- 10. Eduard Bendemann auf Reisen : Landschaftszeichnungen und Skizzenbuchbla?tter -- 11. Skizzenbuch Italien (1831) -- 12. Skizzenbuch Wien/Prag (1842) -- 13. Skizzenbuch Paris (1869-70) -- 14. Unzugeordnete Zeichnungen -- 15. Bendemann als Buchillustrator : Das Nibelungenlied (1841) -- Anhang -- Literatur -- Bildnachweis -- Konkordanz der Katalognummern -- Personenregister -- Ortsregister. 330 $aZu den besonderen Scha?tzen der Go?ttinger Universita?tskunstsammlung geho?ren 129 Zeichnungen auf 92 Blatt sowie drei Skizzenbu?cher von Eduard Bendemann (1811-1889). Kulturell vielseitig vernetzt, war dieser Ku?nstler einer der bedeutendsten Vertreter der Du?sseldorfer Malerschule und sorgte gerade in den 1830er und 40er Jahren mit seinen Gema?lden europaweit fu?r großes Aufsehen. Der umfangreiche Go?ttinger Bendemann-Bestand wird hier erstmals vollsta?ndig in einem Katalog vorgestellt, der zugleich als Begleitband zu einer Ausstellung dieser Werke fungiert. Einen Großteil der hier pra?sentierten Zeichnungen schuf Bendemann als vorbereitende Studien zu komplexen Historienbildern. Vor den Gema?lden: Eduard Bendemann zeichnet unter diesem Motto gewa?hren Katalog und Ausstellung Einblicke in die faszinierende Welt akademischer Komponierpraxis des 19. Jahrhunderts und fu?hren zugleich in deren historische und (kunst- )politische Grundlagen ein. Sie widmen sich einer Zeit, die von fundamentalen Umbru?chen, aber auch einem nahezu unerschu?tterlichen Vertrauen in die Wirkung von Kunst gepra?gt wurde. 606 $aArtists' preparatory studies$zGermany$vExhibitions 606 $aDrawing$zGermany$zBerlin$vExhibitions 610 $aDrawings 610 $aSketchbooks 610 $aSketches for complex history paintings 610 $aBleistift 610 $aEduard Bendemann 610 $aKunsthandel 610 $aPapier 610 $aRecto 610 $aSkizze 615 0$aArtists' preparatory studies 615 0$aDrawing 676 $a741.943 700 $aBendemann$b Eduard$f1811-1889,$0916708 702 $aScholl$b Christian$f1971-, 702 $aSors$b Anne-Katrin 702 $aThimann$b Michael 702 $aWenderholm$b Iris 702 $aAmthor$b Claudia 712 02$aUniversita?t Go?ttingen.$bKunstsammlung, 801 0$bPQKB 801 2$bAuAdUSA 801 2$bUkMaJRU 906 $aBOOK 912 $a9910141634103321 996 $aVor den Gemälden$92055148 997 $aUNINA LEADER 02323nam 2200553Ia 450 001 9910778306103321 005 20200520144314.0 010 $a1-84755-860-7 035 $a(CKB)1000000000791416 035 $a(EBL)1185663 035 $a(OCoLC)319518111 035 $a(SSID)ssj0000379433 035 $a(PQKBManifestationID)11937968 035 $a(PQKBTitleCode)TC0000379433 035 $a(PQKBWorkID)10365310 035 $a(PQKB)10724930 035 $a(MiAaPQ)EBC1185663 035 $a(Au-PeEL)EBL1185663 035 $a(CaPaEBR)ebr10618736 035 $a(CaONFJC)MIL871779 035 $a(PPN)198474717 035 $a(EXLCZ)991000000000791416 100 $a20071220d2008 uy 0 101 0 $aeng 135 $aur|n|---||||| 181 $ctxt 182 $cc 183 $acr 200 10$aIs arsenic an aphrodisiac?$b[electronic resource] $ethe sociochemistry of an element /$fWilliam R. Cullen 210 $aCambridge $cRoyal Society of Chemistry$dc2008 215 $a1 online resource (429 p.) 300 $aDescription based upon print version of record. 311 $a0-85404-363-2 320 $aIncludes bibliographical references and index. 327 $aFront cover; i_iv; v_viii; ix_xvi; 001_055; 056_098; 099_129; 130_165; 166_214; 215_286; 287_348; 349_397; 398_412 330 $aSex, drugs, rocks, gold, murder, war, mass poisonings, the deaths of Napoleon, Tchaikovsky, Mozart, and others are all linked by one element - arsenic! Arsenic has been around since the beginning of time and the word has become a metaphor for poison with associated shock value. The general public are fearful of any possible exposure to it and yet it holds a certain dark and eerie fascination! The average person has only one idea about arsenic - it is poison - and this reputation has a sound base. Some arsenic compounds are very toxic and have been used with criminal intent from the time of the 606 $aArsenic$xHistory 606 $aArsenic$xToxicology 615 0$aArsenic$xHistory. 615 0$aArsenic$xToxicology. 676 $a615.925715 700 $aCullen$b William R$01203062 801 0$bMiAaPQ 801 1$bMiAaPQ 801 2$bMiAaPQ 906 $aBOOK 912 $a9910778306103321 996 $aIs arsenic an aphrodisiac$93832694 997 $aUNINA